| 000 | nam a22 7a 4500 | ||
|---|---|---|---|
| 999 |
_c8224 _d8224 |
||
| 005 | 20191018061245.0 | ||
| 008 | 191018b xxu||||| |||| 00| 0 eng d | ||
| 020 |
_a9789814333689 _bpaperback |
||
| 040 |
_beng _cAPEC Schools Library _erda |
||
| 082 |
_aC 428.2 _bC978c 2013 |
||
| 100 | _aCurtis, Stephen | ||
| 245 |
_aConfusing words in action : through pictures : 1 / _cStephen Curtis |
||
| 264 |
_aMindview, Singapore : _bLearners Publishing, _c©2013. |
||
| 300 |
_a125 pages : _bcolored illustrations ; |
||
| 336 |
_2rdacontent _atext |
||
| 337 |
_2rdamedia _aunmediated |
||
| 338 |
_2rdacarrier _avolume |
||
| 650 |
_aEnglish language _vGrammar. |
||
| 650 |
_aEnglish language _vGrammar _xStudy and teaching. |
||
| 942 |
_2ddc _cNFIC |
||